000 01027nam0a22002651 4500
001 rc\2990260
005 20250805160813.4
035 _a(NLR Aleph) 007134417
090 _a66869
_c66869
100 _a20110914d1945 u y0rusy50 ca
101 0 _arus
102 _aRU
105 _aa z |||||
200 1 _aСтойкий оловянный солдатик
_e[Сказка]
_e[Для дошк. возраста]
_fГ.-Х. Андерсен
_gРис. И. Рерберга
210 _aМосква
_aЛенинград
_cизд-во и ф-ка дет. книги Детгиза
_d1945
_eМосква
215 _a16 с.
_cил.
_d22 см
700 1 _aАндерсен
_bХ. К.
_f1805-1875
_gХанс Кристиан
_3RU\NLR\AUTH\772165
702 1 _aРерберг
_bИ.Ф.
_gИван Федорович
_4440
801 0 _aRU
_bNLR
_gpsbo
801 1 _aRU
_bELAR
_2rusmarc
852 _aNLR
_jДл02 Г-6/49
942 _cBOOK
945 _aРоссийская национальная библиотека
980 _aNB
980 _aBV